| 000 | 01029nam a2200265 a 4500 | ||
|---|---|---|---|
| 001 | 000015124 | ||
| 005 | 20260527074041.0 | ||
| 008 | 100201s2002 dr ac 001 0 spa d | ||
| 020 | _a9993402826 | ||
| 040 |
_aDO-SdBNP _bspa _cBNPHU |
||
| 082 |
_a324.97293 _bM375p |
||
| 100 | 1 |
_aMarte Piantini, José E. _934224 |
|
| 245 | 1 | 0 |
_aPolítica y mucho más / _cJosé E. Marte Piantini ; prólogo Franklin García Fermín. |
| 260 |
_aSanto Domingo : _bCopygrafx, _c2002. |
||
| 300 |
_a221 p. : _bil. ; retrs. |
||
| 500 | _aIncluye datos biográficos del autor en la solapa de la cubierta | ||
| 504 | _aIncluye referencias bibliográficas [p. 221] | ||
| 651 | 4 |
_aParticipación Política _zRepública Dominicana _934225 |
|
| 650 | 4 |
_aElecciones _zRepública Dominicana _xHistoria _92522 |
|
| 650 | 0 |
_aMujeres en la política _92451 |
|
| 650 | 0 |
_aPartidos políticos _zRepública Dominicana _9285 |
|
| 650 | 4 |
_aLíderes políticos _zRepública Dominicana _934226 |
|
| 700 | 1 |
_aGarcía Fermín, Franklin _epról. _96422 |
|
| 049 | _aBNPD | ||
| 999 |
_c14696 _d14696 |
||